Do tornadoes really twist? (Record no. 12104)
[ view plain ]
| 000 -LEADER | |
|---|---|
| fixed length control field | 01719nam a2200421 a 4500 |
| 001 - CONTROL NUMBER | |
| control field | 7894885 |
| 003 - CONTROL NUMBER IDENTIFIER | |
| control field | OSt |
| 005 - DATE AND TIME OF LATEST TRANSACTION | |
| control field | 20140310182339.0 |
| 006 - FIXED-LENGTH DATA ELEMENTS--ADDITIONAL MATERIAL CHARACTERISTICS--GENERAL INFORMATION | |
| fixed length control field | m d |
| 007 - PHYSICAL DESCRIPTION FIXED FIELD--GENERAL INFORMATION | |
| fixed length control field | cr n |
| 008 - FIXED-LENGTH DATA ELEMENTS--GENERAL INFORMATION | |
| fixed length control field | 990312s2000 nyuab bo 001 0 eng d |
| 020 ## - INTERNATIONAL STANDARD BOOK NUMBER | |
| International Standard Book Number | 0439095840 (hc) |
| 020 ## - INTERNATIONAL STANDARD BOOK NUMBER | |
| International Standard Book Number | 0439095859 (pbk.) |
| 035 ## - SYSTEM CONTROL NUMBER | |
| System control number | (WaSeSS)ssj0000140465 |
| 040 ## - CATALOGING SOURCE | |
| Original cataloging agency | DLC |
| Transcribing agency | DLC |
| Modifying agency | DLC |
| -- | WaSeSS |
| 042 ## - AUTHENTICATION CODE | |
| Authentication code | lcac |
| 050 00 - LIBRARY OF CONGRESS CALL NUMBER | |
| Classification number | QC955.2 |
| Item number | .B47 2000 |
| 082 00 - DEWEY DECIMAL CLASSIFICATION NUMBER | |
| Classification number | GS 551.55 |
| Item number | B45 2000 |
| 100 1# - MAIN ENTRY--PERSONAL NAME | |
| Personal name | Berger, Melvin. |
| 9 (RLIN) | 4942 |
| 245 10 - TITLE STATEMENT | |
| Title | Do tornadoes really twist? |
| Medium | [electronic resource] : |
| Remainder of title | questions and answers about tornadoes and hurricanes / |
| Statement of responsibility, etc | by Melvin and Gilda Berger ; illustrated by Higgins Bond. |
| 260 ## - PUBLICATION, DISTRIBUTION, ETC. (IMPRINT) | |
| Place of publication, distribution, etc | New York : |
| Name of publisher, distributor, etc | Scholastic, |
| Date of publication, distribution, etc | 2000. |
| 300 ## - PHYSICAL DESCRIPTION | |
| Extent | 48 p. : |
| Other physical details | col. ill. ; |
| Dimensions | 21 x 26 cm. |
| 490 1# - SERIES STATEMENT | |
| Series statement | Scholastic question and answer series |
| 500 ## - GENERAL NOTE | |
| General note | Includes index. |
| 506 ## - RESTRICTIONS ON ACCESS NOTE | |
| Terms governing access | Licensed for access by U. of T. users. |
| 520 ## - SUMMARY, ETC. | |
| Summary, etc | Provides answers to a variety of questions about tornadoes and hurricanes, including "Where do most tornadoes strike," and "How long do hurricanes last?" |
| 521 ## - TARGET AUDIENCE NOTE | |
| Target audience note | |
| 562 ## - COPY AND VERSION IDENTIFICATION NOTE | |
| Number of copies | 1 |
| 650 #0 - SUBJECT ADDED ENTRY--TOPICAL TERM | |
| Topical term or geographic name as entry element | Tornadoes |
| Form subdivision | Miscellanea |
| -- | Juvenile literature. |
| 9 (RLIN) | 21652 |
| 650 #0 - SUBJECT ADDED ENTRY--TOPICAL TERM | |
| Topical term or geographic name as entry element | Hurricanes |
| Form subdivision | Miscellanea |
| -- | Juvenile literature. |
| 9 (RLIN) | 21653 |
| 700 1# - ADDED ENTRY--PERSONAL NAME | |
| Personal name | Berger, Gilda. |
| 9 (RLIN) | 4946 |
| 700 1# - ADDED ENTRY--PERSONAL NAME | |
| Personal name | Bond, Higgins, |
| Relator term | ill. |
| 9 (RLIN) | 21654 |
| 800 1# - SERIES ADDED ENTRY--PERSONAL NAME | |
| Personal name | Berger, Melvin. |
| Title of a work | Scholastic question and answer series. |
| 9 (RLIN) | 21655 |
| 856 40 - ELECTRONIC LOCATION AND ACCESS | |
| Link text | eBooks on EBSCOhost |
| Uniform Resource Identifier | <a href="http://myaccess.library.utoronto.ca/login?url=http://search.ebscohost.com/login.aspx?direct=true&scope=site&db=nlebk&db=nlabk&AN=81282">http://myaccess.library.utoronto.ca/login?url=http://search.ebscohost.com/login.aspx?direct=true&scope=site&db=nlebk&db=nlabk&AN=81282</a> |
| 942 ## - ADDED ENTRY ELEMENTS (KOHA) | |
| Source of classification or shelving scheme | Library of Congress Classification |
| Koha item type | |
| 949 ## - LOCAL PROCESSING INFORMATION (OCLC) | |
| a | QC955.2 [ID ssj0000140465] |
| c | 1 |
| l | ONLINE |
| m | E_RESOURCE |
| t | E_RESOURCE |
| Withdrawn status | Lost status | Source of classification or shelving scheme | Damaged status | Home library | Current library | Shelving location | Date acquired | Total Checkouts | Full call number | Barcode | Date last seen | Copy number | Price effective from | Koha item type |
|---|---|---|---|---|---|---|---|---|---|---|---|---|---|---|
| Library of Congress Classification | Luxembourg Library | Luxembourg Library | Grade School Section | 09/25/2013 | QC 55.2 .B47 2000 | 15623 | 09/25/2013 | 1 | 09/25/2013 | Books |